[Event "Brugse Meesters 2017"]
[Site "Brugge"]
[Date "2017.08.16"]
[Round "7"]
[White "Bleys, Michiel"]
[Black "Vandenbussche, Thibaut"]
[Result "0-1"]
[WhiteElo "1947"]
[BlackElo "2387"]
[Annotator "TA"]
[PlyCount "82"]
[EventDate "2017.??.??"]
[EventCountry "BEL"]
[SourceTitle "playchess.com"]
[Source "ChessBase"]
[SourceQuality "1"]

{[%evp 29,82,-1,-4,-27,0,-20,0,0,12,15,52,47,56,64,97,19,7,17,33,0,0,0,0,0,0,-27,-42,-96,0,0,0,0,0,-166,-172,-149,-153,-483,-483,-482,-468,-816,-823,-823,-814,-12834,-12834,-12835,-12834,-12835,-12832,-12834,-7653,-1655,-891]} 1. d4 g6 2. c4 Bg7 3. e4 d6 4. Nc3 e5 5. Nf3 exd4 6. Nxd4 Nc6 7. Be3 Nge7 {[%cal Bg8e7,Be7f5,Bf5e3][%mdl 32]} 8. Be2 O-O 9. O-O f5 10. exf5 Bxd4 11. Bxd4 Nxf5 12. Be3 Nxe3 13. fxe3 Rxf1+ 14. Qxf1 Be6 15. Bf3 {A42: Modern Defence: Averbakh Variation} (15. Qf4 Qe7 16. Rf1 a6 17. Bg4 Bf7 18. Ne4 Kg7 19. b3 Ne5 20. Nf6 h6 21. Qd4 b5 22. Be2 bxc4 23. bxc4 c5 {0-1 (39) Manolache,M (2533)-Vedmediuc,S (2476) Bucharest 2013}) 15... Qg5 {LiveBook: 3 Games} 16. Qe2 (16. Nd5 $5 {[%cal Rd5c7]} Ne5 17. Nxc7 Bxc4 18. Bd5+ Bxd5 19. Nxd5 $11) 16... Re8 17. Rf1 {[#] Hoping for Bxc6.The position is equal.} Kg7 $146 ({Predecessor:} 17... Rf8 18. Re1 Ne5 19. Bxb7 Bxc4 20. Qd2 c6 21. Ne4 Nf3+ 22. Kh1 Nxe1 {0-1 (22) Nikolic,S (2275)-Matkovic,T (2355) Kladovo 1991}) 18. b3 Bg8 19. Nb5 Re7 20. Bxc6 bxc6 21. Nxa7 Qc5 22. Qb2+ (22. Qf2 $16 Qxe3 23. Nxc6) 22... Re5 $1 $132 {[%mdl 2048] Black is not keeping still} 23. Qd4 Be6 24. Qf4 {[%csl Gf1][%cal Rf4f8]} (24. a3 $5) 24... Bf5 25. Qd4 Bd7 26. b4 $1 {[%cal Rb4c5]} Qxb4 {Strongly threatening ...Qb6.} 27. Qf4 {[%csl Gf1][%cal Rf4f8]} (27. Qh4 $5 {[%cal Rh4f6]} Qc5 28. Qf6+ Kh6 29. Qh4+ Kg7 30. Qf6+ Kh6 31. Qh4+ Kg7 $11) 27... Rf5 28. Qd4+ {[#]} ({White should try} 28. Qe4 $15) 28... Kg8 (28... Kf7 $1 $17 {White must now prevent ...Qa3.} 29. Rxf5+ Bxf5) 29. Rxf5 Bxf5 {[%cal Rb4e1]} 30. h3 Qb7 31. g4 $2 (31. Kh2 $1 $11 {and White stays safe.}) 31... Qb1+ $19 32. Kf2 Bd3 {...Qf1+ is the strong threat.} 33. Nc8 $2 (33. Nxc6 $17 {nothing else works.} Qf1+ 34. Kg3) 33... Qf1+ {Black is clearly winning.} 34. Kg3 Qe1+ 35. Kh2 (35. Kg2 $142 Bf1+ 36. Kf3 Qe2+ 37. Ke4) 35... Qf2+ 36. Kh1 Qf3+ 37. Kg1 Qg3+ 38. Kh1 Qxh3+ 39. Kg1 Qg3+ 40. Kh1 Qf3+ 41. Kg1 Be4 {Precision: White = 36%, Black = 64%.} 0-1

[Event "Brugse Meesters 2017"]
[Site "Brugge"]
[Date "2017.08.16"]
[Round "8"]
[White "Czebe, Attila"]
[Black "Van Foreest, Lucas"]
[Result "1/2-1/2"]
[WhiteElo "2465"]
[BlackElo "2467"]
[Annotator "TA"]
[PlyCount "93"]
[EventDate "2017.??.??"]
[EventCountry "BEL"]
[SourceTitle "playchess.com"]
[Source "ChessBase"]
[SourceQuality "1"]

{[%evp 13,93,0,8,-39,4,-50,0,-7,0,19,13,9,0,-49,-42,-31,-51,-97,-39,-54,92,-115,-125,-122,-103,-212,-204,-206,-184,-222,-221,-216,-215,-241,-218,-211,-93,-85,-88,-81,-97,-102,-68,-68,-71,-236,-206,-208,-200,-236,-224,-230,-211,-208,-214,-227,-179,-220,-179,-197,0,0,-7,-137,0,0,0,0,0,0,0,0,0,-70,0,-343,0,0,0,0,0,0]} 1. Nf3 d5 2. g3 Nc6 3. d4 Bg4 4. Bg2 Qd7 5. c4 e6 6. O-O O-O-O 7. Nc3 {D02: 1 d4 d5 2 Nf3 sidelines, including 2...Nf6 3 g3 and 2...Nf6 3 Bf4} dxc4 {LiveBook: 8 Games} 8. Be3 $146 ({Predecessor:} 8. Qa4 Kb8 9. Rd1 Bxf3 10. Bxf3 Nb4 11. Qa5 Nc2 12. Bf4 Bb4 13. Qb5 Qxb5 14. Nxb5 Nxa1 15. Bxc7+ {1-0 (29) Zablotsky,S (2518)-Tuzhik,A (2316) Novokuznetsk 2007}) 8... Kb8 (8... Bxf3 $5 9. Bxf3 Nxd4 $11) 9. b3 (9. Nd2 $11) 9... Bxf3 10. Bxf3 Nxd4 (10... Bb4 $5 {[%cal Rb4c3]} 11. Ne4 Nxd4 $15) 11. Bxd4 Qxd4 12. Qc2 $1 {Rad1 is the strong threat.} c6 13. bxc4 Qxc4 14. Rab1 Nf6 15. Rb3 Rd7 (15... Bc5 $1 $17 16. e3 Bb6) 16. Qb2 {Strongly threatening Rb1.} Nd5 (16... Qa6 $15 {stays ahead.}) 17. Rb1 $2 (17. Nxd5 $16 {Threatens to win with Rc1.} exd5 18. Qe5+ Bd6 19. Qxg7) 17... Nb6 $17 {[%cal Bd5b6,Bb6c4,Bc4d2][%mdl 32]} 18. a4 Qa6 $1 19. a5 (19. Nd1 $17) 19... Nc4 $1 $19 {[%cal Rc4b2]} (19... Qxa5 20. Ra1 $17) 20. Qc2 Nd2 (20... Nxa5 21. Ra1 $17) 21. Rd1 Nxf3+ 22. exf3 Rxd1+ 23. Qxd1 {[%cal Rd1d8] [#]} Kc8 $1 (23... Qxa5 24. Qd7 $15) 24. Qd4 {With the idea Nb5!} Be7 (24... Qxa5 $19 {And now ...Qc5 would win.} 25. Nb5 f6) 25. Qxg7 $17 Rf8 26. Qe5 {aiming for Nb5!} Rd8 27. Kg2 Bd6 28. Qf6 Bc7 $1 29. Rb1 $2 (29. Ra3 $17) 29... Qxa5 $19 ({Worse is} 29... Bxa5 30. Ne4 $16) 30. Ne4 Qf5 31. Qe7 a5 32. Rc1 h6 33. h4 e5 34. g4 Qg6 35. Rb1 b6 36. Rc1 Rd7 $2 (36... f5 $19 37. h5 Qe8 38. Qxe8 Rxe8 39. gxf5 c5) 37. Qe8+ $11 Bd8 38. Qxe5 (38. h5 $11 Qe6 39. Qxe6 fxe6 40. Rxc6+ Kb7 41. Rxe6) 38... Bxh4 (38... Bc7 $17 39. Qe8+ Rd8 40. Qxc6 Qxc6 41. Rxc6 Kb7) 39. Qb5 $1 Kc7 $1 (39... c5 {[#]} 40. Nxc5 $1 {[%mdl 512]} Rc7 41. Qa6+ Kd8 42. Qa8+ Ke7 43. Re1+ Kd6 44. Ne4+ Ke5 45. Nc3+ Kd4 46. Nb5+ Kc4 47. Nxc7 $18) 40. Qa6 Bd8 $1 {Hoping for ...Kb8.} 41. Qa7+ Kc8 42. Qa8+ Kc7 43. Rh1 ({Better is} 43. Nc3 $11 Qg5 44. Rb1) 43... f5 (43... Rd4 $1 $15 44. Ng3 Rd5) 44. Nc3 $2 {[%mdl 8192]} (44. Qa7+ $11 Kc8 45. Qa8+ Kc7 46. Qa7+ Kc8 47. Qa8+ Kc7) 44... Qg5 $2 (44... Rd2 $19 45. Rc1 fxg4 46. Nb5+ Kd7 47. Qb7+ Ke8 48. Qxc6+ Qxc6 49. Rxc6 Rb2) 45. Qa7+ {The position is equal.} Kc8 46. Qa8+ Kc7 {White must now prevent ...Rd2.} 47. Qa7+ {Precision: White = 37%, Black = 57%.} 1/2-1/2

[Event "Brugse Meesters 2017"]
[Site "Brugge"]
[Date "2017.08.16"]
[Round "8"]
[White "Varga, Zoltan"]
[Black "Carstensen, Jacob"]
[Result "1-0"]
[WhiteElo "2434"]
[BlackElo "2353"]
[Annotator "TA"]
[PlyCount "115"]
[EventDate "2017.??.??"]
[EventCountry "BEL"]
[SourceTitle "playchess.com"]
[Source "ChessBase"]
[SourceQuality "1"]

{[%evp 13,115,8,29,29,27,39,47,57,52,46,41,37,93,100,106,104,101,74,106,98,106,108,96,85,91,85,80,76,105,94,110,107,114,113,142,114,137,108,142,140,157,158,154,154,164,143,144,86,126,128,142,88,114,112,116,128,120,102,202,165,196,163,216,210,211,195,222,212,220,220,220,220,220,220,220,220,220,220,213,193,261,261,323,262,461,443,519,519,696,715,721,586,690,685,832,788,1156,1152,1057,1089,1537,1118,1575,1558]} 1. e4 c5 2. Nf3 d6 3. d4 Nf6 4. Nc3 cxd4 5. Qxd4 a6 6. Nd5 {B53: Sicilian: 2...d6: Lines with Qxd4} (6. e5 Nc6 7. Qa4 dxe5 8. Nxe5 Bd7 9. Nxd7 Qxd7 10. Bd2 g6 11. O-O-O Bg7 12. Bg5 Qg4 13. Bxf6 Qxa4 14. Nxa4 Bxf6 {½-½ (49) Kramnik,V (2808)-Nakamura,H (2785) Stavanger 2017}) 6... Nc6 7. Nxf6+ gxf6 {LiveBook: 4 Games} 8. Qd3 {White has an edge.} Qb6 9. Be2 Rg8 10. O-O Bg4 11. Kh1 $146 ({Predecessor:} 11. Ne1 Ne5 12. Qd1 f5 13. Bxg4 fxg4 {0-1 (57) Trepat Herranz,J (2325)-Panelo Munoz,M (2428) Torredembarra 2013}) 11... Qc5 12. Be3 Bxf3 ({Better is} 12... Qh5 $14) 13. Bxf3 $16 Ne5 14. Bxc5 Nxd3 15. Bd4 Nb4 16. Bc3 Nc6 17. g3 Rc8 18. Bg2 Rg5 19. f4 Rc5 20. Rf2 Rc7 21. Rd1 e5 22. Bf1 Nd4 23. Bd3 Ne6 24. Bd2 R5c6 25. b4 Nd4 26. a4 Be7 27. b5 axb5 28. axb5 Rxc2 29. Bxc2 Rxc2 30. b6 (30. Kg2 $142) 30... Nc6 31. Kg2 Rb2 32. Bc3 (32. Be3 $142 Rb4 33. Kf3) 32... Rxb6 33. Rb2 Rxb2+ 34. Bxb2 {[%mdl 4096] Endgame KRB-KBN} Kd7 35. Kf3 {[%mdl 1024] White has strong compensation.} Ke6 (35... Kc7 $16 36. Rd5 Nb4) 36. f5+ $18 Kd7 37. Bc3 Bf8 (37... Nb8 {is a better defense.} 38. Rb1 Kc6) 38. Rb1 Kc7 39. Ke2 Bh6 40. Kd3 b6 41. Be1 Ne7 42. Bf2 Nc8 43. Rb2 Kc6 44. Rc2+ Kd7 45. Bg1 Bf8 46. Be3 Bg7 (46... h5 {was called for.} 47. h3 Be7) 47. g4 Bf8 48. Rg2 Be7 $2 {[#]} (48... Kc6 49. Rc2+ Kb7) 49. Rg3 {White is clearly winning.} d5 50. exd5 Kd6 51. Rh3 Kxd5 52. Rxh7 e4+ 53. Ke2 b5 54. Rxf7 b4 55. h4 {[%cal Bh2h4,Bh4h5][%mdl 32]} b3 56. Bc1 Bd6 57. Rb7 Kc4 58. h5 {Precision: White = 88%, Black = 39%.} 1-0

[Event "Brugse Meesters 2017"]
[Site "Brugge"]
[Date "2017.08.16"]
[Round "8"]
[White "Stone, Andrew M"]
[Black "Gonzales, Jayson"]
[Result "0-1"]
[WhiteElo "2153"]
[BlackElo "2378"]
[Annotator "TA"]
[PlyCount "134"]
[EventDate "2017.??.??"]
[EventCountry "BEL"]
[SourceTitle "playchess.com"]
[Source "ChessBase"]
[SourceQuality "1"]

{[%evp 15,134,13,11,-7,35,-32,12,5,3,-31,-23,-41,-7,-21,-10,-12,0,11,18,-4,0,-56,-49,-52,-13,-65,-54,-69,-62,-64,-15,-16,-10,-33,-38,-129,-131,-139,-156,-145,-114,-228,-225,-189,-153,-183,-180,-161,-106,-124,-112,-118,-114,-136,-142,-158,-140,-139,-44,-133,0,-172,-176,-189,-168,-197,-60,-59,-63,-177,-149,-230,-211,-233,-254,-308,-270,-4698,-220,-220,-37,-34,-14,-14,-14,-14,-14,-14,-8,-15,0,-14,-14,-14,-14,-14,-14,-14,-14,-14,-14,-29973,-29974,-29973,-29977,-29977,-29978,-29978,-29979,-29979,-29979,-29979,-29980,-29980,-29981,-29981,-29982,-29982,-29982,-29982,-29981]} 1. c4 d6 2. Nc3 g6 3. g3 Bg7 4. Bg2 e5 5. e3 Nc6 6. d3 Nf6 7. Rb1 O-O 8. b4 a6 {LiveBook: 4 Games. A25: English Opening vs King's Indian with ...Nc6 but without early d3} 9. a4 (9. Nge2 Ne7 10. e4 Be6 11. O-O c6 12. a4 d5 13. cxd5 cxd5 14. a5 b5 {1-0 (34) Eljanov,P (2723)-Najer,E (2633) Yerevan 2014}) 9... Ne7 10. Nd5 $146 (10. Nf3 $14) ({Predecessor:} 10. Nge2 d5 11. cxd5 Nexd5 12. Nxd5 Nxd5 13. e4 Ne7 14. O-O Nc6 15. b5 axb5 16. axb5 {1-0 (88) Barcza,G-Matanovic,A Pecs 1968}) 10... c6 {Black is slightly better.} 11. Nxf6+ Bxf6 12. e4 d5 13. Qc2 Bg7 14. Ne2 Be6 15. O-O Qd7 16. Be3 b5 {...d4 is the strong threat.} 17. axb5 axb5 {White must now prevent ...d4.} 18. cxb5 (18. exd5 $11 cxd5 19. Bc5) 18... cxb5 $15 19. Bc5 Rfc8 20. Ra1 (20. d4 $11) 20... d4 21. f4 f6 22. Qb2 Ra4 23. Rxa4 bxa4 24. Ra1 Bf8 25. Qa3 (25. Qc1 $15) 25... Qb5 $17 26. Bf1 Ra8 27. Nc1 Nc8 28. Be2 (28. Bxf8 $17 {is a better defense.} Kxf8 29. Ne2) 28... Bxc5 $19 29. bxc5 exf4 30. gxf4 Qb8 $1 31. e5 fxe5 (31... Bd5 $19 32. c6 Qc7) 32. Bf3 $17 Ra6 ({Stronger than} 32... exf4 33. Bxa8 Qxa8 34. Qxa4 $11) 33. Ne2 Ne7 34. Qc1 Qc7 35. Qb2 Qxc5 36. Qb8+ Qc8 (36... Kg7 $17 {And now ...exf4 would win.} 37. Rc1 Qd6 38. Qxd6 Rxd6 39. fxe5 Rd8) 37. Qxe5 (37. Qb5 $1 $15 Bf7 38. Rxa4 Rxa4 39. Qxa4) 37... Nf5 (37... a3 $17 38. Nxd4 Qd7) 38. Nxd4 $2 (38. Rb1 $1 $11 {and White stays safe.} Nd6 39. Rb8 $1 {[%mdl 512]} Qxb8 40. Qxe6+ Kg7 41. Qe5+ Kh6 42. Qg5+ Kg7 43. Qe5+ Kh6 44. Qg5+ Kg7 45. Qe5+) 38... Nxd4 $19 39. Qxd4 a3 $36 {[%mdl 2048] Black is on the roll.} 40. Bd5 Qd7 ({Black should try} 40... a2 $19 {Strongly threatening ...Kf7.} 41. Kf2 Qd7 42. Bxe6+ Qxe6) 41. Bxe6+ $15 Qxe6 {[%mdl 4096] Endgame KQR-KQR} 42. Kf2 (42. Rb1 $1 $15 Qc8 43. Qd5+ Kf8 44. Qd4) 42... a2 $19 43. Qd8+ (43. Qc4 $17 Kf7 44. Qc7+ Kf8 45. Qc4 Qb6+ 46. Kf3) 43... Kg7 44. Qc7+ Kh6 45. Qc4 {Black should prevent Qxe6.} Qb6+ 46. Kg3 $2 (46. Kf3 Qb7+ 47. Kg3) 46... Qb2 $2 (46... Qe3+ 47. Kg2 Qe2+ 48. Kg3 Re6 49. Qxe6 Qxe6) 47. f5 {intending Qh4+.} Ra7 $2 {[#]} ({And not} 47... Qxa1 48. Qh4+ Kg7 49. Qe7+ Kg8 50. Qe8+ Kg7 51. Qe7+ Kg8 52. Qe8+ Kg7 53. Qe7+ $11) ({Black should play} 47... Qb8+ $19 48. Qf4+ Qxf4+ 49. Kxf4 Ra4+ 50. Ke5 Ra5+ 51. Ke6 gxf5) 48. f6 $1 $15 {[%mdl 512]} Qxf6 49. Rxa2 Qg5+ 50. Kf3 Qf5+ 51. Kg3 Qe5+ 52. Kf3 Qf6+ 53. Kg3 Qd6+ 54. Kf3 Rxa2 55. Qxa2 Qxd3+ $11 {KQ-KQ} 56. Kg2 Qe4+ 57. Kg3 Kh5 58. Qf7 $2 {[%mdl 8192]} (58. Qb3 $11) 58... Qg4+ {Black mates.} 59. Kf2 Qf5+ 60. Qxf5+ gxf5 {KPP-KP} 61. Kg3 Kg5 62. h4+ Kg6 63. Kf4 {[#]} Kf6 $1 64. Kg3 Ke5 65. h5 Ke4 66. Kf2 Kf4 67. h6 Ke5 {Precision: White = 34%, Black = 41%.} 0-1

[Event "Brugse Meesters 2017"]
[Site "Brugge"]
[Date "2017.08.16"]
[Round "8"]
[White "Tozer, Philip A A"]
[Black "Geirnaert, Steven"]
[Result "0-1"]
[WhiteElo "2141"]
[BlackElo "2454"]
[Annotator "TA"]
[PlyCount "42"]
[EventDate "2017.??.??"]
[EventCountry "BEL"]
[SourceTitle "playchess.com"]
[Source "ChessBase"]
[SourceQuality "1"]

{[%evp 11,42,1,2,-20,0,0,0,-10,0,-26,-23,-20,-10,-17,-29,-22,-22,-81,-82,-95,-75,-73,-75,-82,-60,-190,-194,-231,-232,-920,-925,-914,-911]} 1. c4 e5 2. g3 c6 3. d4 e4 4. Nc3 d5 5. Bg2 Nf6 6. Bg5 {A20: English Opening: 1...e5} (6. cxd5 cxd5 7. Nh3 Bb4 8. O-O Bxc3 9. bxc3 O-O 10. f3 exf3 11. Rxf3 h6 12. Qf1 Nbd7 {½-½ (50) Aronian,L (2785)-Anand,V (2779) Doha 2016}) 6... Nbd7 {LiveBook: 17 Games} 7. Nh3 h6 8. Bxf6 {The position is equal.} Nxf6 9. cxd5 cxd5 10. Qa4+ $146 ({Predecessor:} 10. O-O Bd7 11. f3 exf3 12. Rxf3 Be7 {0-1 (48) Weber,T (2406)-Sadler,M (2653) London 2014}) 10... Bd7 11. Qb3 Qa5 $36 {[%mdl 2048] Black fights for an advantage.} 12. O-O Bb4 13. f3 {[%cal Rf3e4]} O-O 14. Nf4 (14. fxe4 $11 {keeps the balance.} Bxh3 15. Bxh3 Bxc3 16. Qxc3 Qxc3 17. bxc3) 14... Bxc3 $1 $17 15. bxc3 g5 16. fxe4 {[%cal Rf4d5]} gxf4 17. exd5 Nh5 18. gxf4 {[#]} ({White should try} 18. Bf3 $1 $15 Ng7 19. gxf4) 18... Kh8 $1 $19 19. c4 Rg8 {And now ...Rae8 would win.} 20. e4 $2 (20. Kh1 Rab8 21. Bf3) 20... Qd2 {[%csl Gg8][%cal Rd2g2]} 21. Rf2 {[#]} Rxg2+ $1 {[%mdl 512] Precision: White = 26%, Black = 77%.} 0-1

[Event "Brugse Meesters 2017"]
[Site "Brugge"]
[Date "2017.08.17"]
[Round "9"]
[White "Dgebuadze, Alexandre"]
[Black "Guelsen, Taylan"]
[Result "1-0"]
[WhiteElo "2515"]
[BlackElo "2156"]
[Annotator "TA"]
[PlyCount "59"]
[EventDate "2017.??.??"]
[EventCountry "BEL"]
[SourceTitle "playchess.com"]
[Source "ChessBase"]
[SourceQuality "1"]

{[%evp 15,59,46,46,41,47,31,39,11,31,22,18,0,129,129,140,118,145,148,160,130,123,80,87,91,95,89,91,79,98,98,252,237,277,259,342,334,355,358,583,577,584,569,1365,1376,1327,1309]} 1. e4 d6 2. d4 Nf6 3. Nc3 e5 4. Nf3 Nbd7 5. Bc4 Be7 6. O-O c6 7. a4 {[%cal Ba2a4,Ba4a5][%mdl 32]} Qc7 8. a5 {C41: Philidor Defence} (8. Re1 h6 9. Qd3 exd4 10. Qxd4 Ne5 11. Nxe5 dxe5 {1-0 (11) Fedorchuk,S (2665)-Rapport,R (2704) Palic 2014}) 8... h6 {LiveBook: 7 Games} 9. Qe2 Nf8 10. d5 {White is slightly better.} Ng6 $146 ({Predecessor:} 10... g5 11. Bb3 Ng6 12. a6 O-O 13. h4 g4 14. axb7 Bxb7 15. Bxh6 gxf3 16. Qxf3 c5 {½-½ (25) Trygstad,K (2200)-Vukovic,I (2295) Balatonbereny 1997}) 11. a6 O-O 12. axb7 Bxb7 13. Rd1 c5 (13... a5 $11) 14. Ba6 $16 Rfb8 15. b3 Bc8 16. Bxc8 Qxc8 17. Be3 Ng4 18. Ra4 Nxe3 19. Qxe3 Rb4 20. Rda1 Nf4 21. Ne2 {[%cal Bc3e2,Be2g3,Bg3f5][%mdl 32]} Rxa4 22. Rxa4 g5 $2 {[#]} (22... Nh5 $16) 23. Ng3 $1 $18 g4 24. Nd2 Bg5 {White must now prevent ...Nh3+!} 25. Qe1 h5 26. Nc4 h4 $2 {[#]} (26... Qd8 27. Nf5 Be7) 27. Nf5 {White is clearly winning.} Kh7 28. Qd1 g3 29. hxg3 hxg3 30. fxg3 {Precision: White = 59%, Black = 41%.} 1-0

[Event "Brugse Meesters 2017"]
[Site "Brugge"]
[Date "2017.08.17"]
[Round "9"]
[White "Motwani, Paul"]
[Black "Faure, Stephane"]
[Result "1-0"]
[WhiteElo "2470"]
[BlackElo "2109"]
[Annotator "TA"]
[PlyCount "73"]
[EventDate "2017.??.??"]
[EventCountry "BEL"]
[SourceTitle "playchess.com"]
[Source "ChessBase"]
[SourceQuality "1"]

{[%evp 20,73,52,58,72,37,39,47,86,87,107,112,97,64,108,89,149,138,126,130,225,229,227,232,664,668,675,324,425,395,414,412,430,418,427,431,431,413,490,407,451,396,400,308,295,291,282,275,275,268,716,701,739,698,775,767]} 1. Nf3 Nf6 2. c4 e6 3. g3 c5 4. Bg2 Nc6 5. O-O Be7 6. d4 cxd4 7. Nxd4 O-O 8. Nc3 d5 9. cxd5 exd5 10. Be3 Bg4 11. Qa4 {LiveBook: 8 Games. D34: Tarrasch Defence: 6 g3 Nf6 7 Bg2 Be7} Ne5 12. Rad1 Nc4 13. Bc1 {White is slightly better.} Bd7 $146 ({Predecessor:} 13... Nb6 14. Qb3 Qd7 15. Bg5 Rfd8 16. a4 Bh3 17. Qb5 Bxg2 18. Kxg2 h6 19. Bxf6 Bxf6 {½-½ (55) Yakovich,Y (2596)-Ozgibcev,A (2435) Sochi 2004}) 14. Qb3 Na5 15. Qc2 Rc8 16. Qd3 Bg4 17. Nf5 {[%cal Rc3d5]} Qd7 ({Better is} 17... Nc6) 18. Nxe7+ $16 ({Much less strong is} 18. Nxd5 Nxd5 19. Nxe7+ Qxe7 $16) 18... Qxe7 19. Bg5 Qe6 (19... Nc6 $16 {was called for.}) 20. Bxf6 $18 ({Resist} 20. Bxd5 $6 Nxd5 21. Qxd5 Qa6 $14) 20... Qxf6 21. Nxd5 Qxb2 $2 {[#]} (21... Qd8 22. Qe4 Be6) 22. Ne7+ Kh8 23. Rd2 (23. Nxc8 $142 {Hoping for Qd8.} Bxc8 24. Rb1 Qxa2 25. Ra1) 23... Qb4 24. Nxc8 Bxc8 25. Rb1 Qe7 26. Qd6 Qxd6 27. Rxd6 g6 28. Rc1 Be6 29. a4 Bb3 30. Rd4 Re8 31. e3 Re7 32. Bd5 Kg7 33. Rc5 Bxd5 34. Rcxd5 ({Don't do} 34. Rxa5 Bf3 $18) 34... Nb3 $2 {[#]} (34... Nc6 35. Rd1 f5) 35. Rb4 {White is clearly winning.} Nc1 36. Rc4 Nb3 37. Rc3 {Precision: White = 68%, Black = 31%.} 1-0

[Event "Brugse Meesters 2017"]
[Site "Brugge"]
[Date "2017.08.17"]
[Round "9"]
[White "Van Foreest, Lucas"]
[Black "Beerdsen, Thomas"]
[Result "1-0"]
[WhiteElo "2467"]
[BlackElo "2447"]
[Annotator "TA"]
[PlyCount "53"]
[EventDate "2017.??.??"]
[EventCountry "BEL"]
[SourceTitle "playchess.com"]
[Source "ChessBase"]
[SourceQuality "1"]

{[%evp 18,53,32,21,61,56,55,57,63,64,95,-8,108,100,84,87,136,74,122,107,102,56,94,85,103,105,126,118,160,170,165,182,164,164,205,191,212,0]} 1. c4 e5 2. g3 Nf6 3. Bg2 Nc6 4. Nc3 Bc5 5. e3 a6 6. Nge2 d6 7. O-O O-O 8. a3 Ba7 9. b4 {A22: English Opening: 1...e5 2 Nc3 Nf6} Be6 (9... Bf5 10. d3 Qd7 11. Re1 Bh3 12. Bh1 Ng4 13. d4 exd4 14. exd4 Rae8 15. c5 dxc5 16. dxc5 Qxd1 17. Rxd1 {½-½ (51) Ponomariov,R (2743)-Kobalia,M (2651) Khanty-Mansiysk 2013}) 10. Nd5 {LiveBook: 4 Games} Bxd5 11. cxd5 {White is slightly better.} Ne7 12. Nc3 Nd7 $146 {[%cal Bf6d7,Bd7e5,Be5c4][%mdl 32]} ({Find the theoretical novelty and annotate with similar games:} 12... c5 13. dxc6 bxc6 14. Bb2 Rb8 15. Rb1 Nd7 16. f4 exf4 17. Rxf4 Ne5 18. Ne4 Nd3 19. Qg4 Nxb2 20. Nf6+ Kh8 21. Qh5 h6 22. Rxb2 Rb5 23. Bd5 Nxd5 {0-1 (23) Spanton,T (1976)-Oyama,A (2191) Hastings 2016}) 13. f4 f5 14. Qb3 (14. fxe5 $16 {Threatens to win with e6.} Nxe5 15. Ne2) 14... Qe8 {[#]} (14... exf4 $11 15. gxf4 Ng6) 15. fxe5 $1 $16 Nxe5 16. Ne2 N7g6 17. Bb2 (17. a4 $142) 17... b5 18. Qc3 Qd7 19. Rae1 Rae8 20. Kh1 Nc4 21. Ba1 Nge5 {[#]} 22. Nf4 $1 Rf6 23. Qc1 {White is clearly better.} Rh6 24. Bd4 Ng4 25. Bxa7 {And now h3 would win.} Nxh2 26. Kg1 Nxf1 27. Bxf1 $2 {[%mdl 32768] Precision: White = 58%, Black = 19%. . Loss on Time!?} (27. Rxf1 $18 c5 28. dxc6 Qxa7 29. Bd5+ Kh8 30. Bxc4 bxc4 31. Qxc4) 1-0

[Event "Brugse Meesters 2017"]
[Site "Brugge"]
[Date "2017.08.17"]
[Round "9"]
[White "Geirnaert, Steven"]
[Black "Vandenbussche, Thibaut"]
[Result "*"]
[WhiteElo "2454"]
[BlackElo "2387"]
[Annotator "TA"]
[PlyCount "24"]
[EventDate "2017.??.??"]
[EventCountry "BEL"]
[SourceTitle "playchess.com"]
[Source "ChessBase"]
[SourceQuality "1"]

{[%evp 18,20,27,22,15]} 1. d4 e6 2. c4 Bb4+ 3. Bd2 a5 4. Nc3 Nf6 5. e4 d6 6. e5 {A40: Unusual replies to 1 d4} dxe5 7. dxe5 Bxc3 8. Bxc3 Qxd1+ 9. Rxd1 Ne4 10. Bd4 {[#] LiveBook: 5 Games. Threatens to win with f3.} b6 {Predecessor:} 11. f4 $146 Bb7 12. Nf3 Nc6 {½-½ (41) L'Ami,A (2392)-Short,N (2664) Bunratty 2015} *